El tránsito vehículo-peatonal desde un punto de vista psicocultural = Pedestrian-vehicle transit from a psychocultural point of view /
Se presentan una serie de insumos epistemológicos y teóricos, como una aproximación psicocultural, desde la cual se entienda el tránsito de vehículos y peatones en calidad de campo cultural propio de la sociedad moderna industrializada. Se concluye que una perspectiva psicocultural del tránsito de v...
Saved in:
| Main Author: | |
|---|---|
| Format: | Text |
| Subjects: | |
| Tags: |
Add Tag
No Tags, Be the first to tag this record!
|
MARC
| LEADER | 00000 a a2200000 04500 | ||
|---|---|---|---|
| 001 | 44551 | ||
| 003 | |||
| 040 | |||
| 100 | |a Ulloa Brenes, Gilbert | ||
| 245 | |a El tránsito vehículo-peatonal desde un punto de vista psicocultural = |b Pedestrian-vehicle transit from a psychocultural point of view / |c Gilbert Ulloa Brenes | ||
| 520 | |a Se presentan una serie de insumos epistemológicos y teóricos, como una aproximación psicocultural, desde la cual se entienda el tránsito de vehículos y peatones en calidad de campo cultural propio de la sociedad moderna industrializada. Se concluye que una perspectiva psicocultural del tránsito de vehículos y peatones se basaría en la indagación sobre la racionalidad y la ideología imperante en los fenómenos asociados al tránsito. | ||
| 590 | |a KSR/AGOSTO2013 | ||
| 650 | |a 1.PSICOLOGIA | ||
| 650 | |a 2.CULTURA | ||
| 650 | |a 3.TRANSITO | ||
| 650 | |a 4.SUBJETIVIDAD | ||
| 650 | |a 5.JAQUES LACAN | ||
| 773 | |g volumen30, número45 ( , 2011), páginas 95-112 | ||
| 999 | |c 30951 |d 30951 | ||
